Countries Ending in 'N' Quiz Stats

 Plays Quiz Updated Nov 23, 2018

Support Sporcle.
Go Orange.
Score 0/25 Timer 05:00
0 Plays Today
Country % Correct
Afghanistan
87%
Pakistan
85.7%
Japan
82.4%
Iran
82%
Turkmenistan
80.9%
Uzbekistan
80.4%
Kazakhstan
80.2%
Oman
75.8%
Spain
74.5%
Tajikistan
74%
Yemen
73.7%
Kyrgyzstan
73.5%
Sweden
72.1%
Country % Correct
Azerbaijan
70.4%
Sudan
70.3%
Jordan
65.8%
Lebanon
63.2%
Benin
62%
Bhutan
62%
South Sudan
61.6%
Bahrain
57.5%
Taiwan
54.5%
Gabon
52.2%
Cameroon
50.3%
Liechtenstein
48.7%

From the Vault

Remove Ads.
Support Sporcle.
Get the best of Sporcle when you Go Orange. This ad-free experience offers more features, more stats, and more fun while also helping to support Sporcle. Thank you for becoming a member.

Show Comments

Extras

Top Quizzes Today


Score Distribution

Your Account Isn't Verified!

In order to create a playlist on Sporcle, you need to verify the email address you used during registration. Go to your Sporcle Settings to finish the process.

Report this User

Report this user for behavior that violates our Community Guidelines.

Details: